000 01082pam a2200277 a 4500
999 _c128659
_d128659
001 1544564
003 ARRUPE
005 20181128103752.0
008 911108s1992 nyua b 000 0 eng
010 _a 91043114
020 _a0818906324 :
_c$15.95
040 _aDLC
_cDLC
_dDLC
041 1 _aeng
_hdut
050 0 0 _aBT611
_b.L2712 1992
082 0 0 _a232.91
_220
100 1 _aLa Potterie, Ignace de,
_d1914-
_943659
245 1 0 _aMary in the mystery of the Covenant /
_cIgnace de la Potterie ; translated by Bertrand Buby.
260 _aNew York :
_bSt. Pauls,
_cc1998.
300 _a296 p. :
_c22 cm.
600 0 0 _aMary, St.
_cBlessed Virgin, Saint
_xBiblical teaching.
_943660
700 _aBuby, Bertrand
_etr.
_943686
906 _a7
_bcbc
_corignew
_d1
_eocip
_f19
_gy-gencatlg
942 _2lcc
_cMONOGRAPH